Cyclisme - Vainqueur d'un des 3 grands tours au 21 ième siècle - Statistiques

Statistiques générales
  • Ce quiz a été pris 707 fois
    654 depuis la dernière actualisation
  • Le résultat moyen est 21 sur 37
Statistiques - réponses
Dernière Victoire Tour d’Italie Tour d’Espagne Tour de France Origine Répondre % Correct
2023 0 0 2 Danemark Jonas Vingegaard
99%
2021 0 0 2 Slovènie Tadej Pogacar
99%
2018 1 2 4 Royaume uni Chris Froome
98%
2021 1 0 1 Colombie Egan Bernal
95%
2016 2 1 1 Italie Vincenzo Nibali
95%
2015 2 3 2 Espagne Alberto Contador
94%
2018 0 0 1 Royaume uni Geraint Thomas
93%
2023 1 3 0 Slovènie Primoz Roglic
92%
2010 0 0 1 Luxembourg Andy Schleck
90%
2011 0 0 1 Australie Cadel Evans
88%
2012 0 0 1 Royaume uni Bradley Wiggins
87%
2022 0 1 0 Belgique Remco Evenepoel
84%
2023 0 1 0 Etast-Unis Sepp Kuss
77%
2016 1 1 0 Colombie Nairo Quintana
76%
2019 1 0 0 Équateur Richard Carapaz
75%
2022 1 0 0 Australie Jai Hindley
69%
2018 0 1 0 Royaume uni Simon Yates
66%
2017 1 0 0 Pays-bas Tom Dumoulin
65%
2006 0 1 0 Kazakhstan Alexandre Vinokourov
64%
2009 0 1 0 Espagne Alejandro Valverde
63%
2015 0 1 0 Italie Fabio Aru
60%
2020 1 0 0 Royaume uni Tao Geoghegan Hart
55%
2009 1 1 0 Russie Denis Menchov
43%
2012 1 0 0 Canada Ryder Hesjedal
41%
2006 0 0 1 Espagne Oscar Pereiro
40%
2013 0 1 0 Etats-Unis Chris Horner
39%
2010 2 0 0 Italie Ivan Basso
37%
2004 1 0 0 Italie Damiano Cunego
26%
2011 1 0 0 Italie Michele Scarponi
26%
2005 0 4 0 Espagne Roberto Heras
26%
2007 1 0 0 Italie Danilo Di Luca
18%
2008 0 0 1 Espagne Carlos Sastre
16%
2003 2 0 0 Italie Gilberto Simoni
12%
2005 2 0 0 Italie Paolo Savoldelli
12%
2000 1 0 0 Italie Stefano Garzelli
10%
2002 0 1 0 Espagne Aitor Gonzalez
7%
2001 0 1 0 Espagne Angel Casero
5%
Aucun quiz correspondant
Distribution des résultats
% des personnes avec chaque résultat
Percentile par nombre de réponses
Votre historique - résultats
Vous n’avez pas pris ce quiz depuis la dernière actualisation